<?xml version="1.0" encoding="UTF-8"?>
<record
    xmlns:xsi="http://www.w3.org/2001/XMLSchema-instance"
    xsi:schemaLocation="http://www.loc.gov/MARC21/slim http://www.loc.gov/standards/marcxml/schema/MARC21slim.xsd"
    xmlns="http://www.loc.gov/MARC21/slim">

  <leader>01871nam a22002777a 4500</leader>
  <controlfield tag="008">170805s2016        pe||||| |||| 00| 0 spa d</controlfield>
  <datafield tag="020" ind1=" " ind2=" ">
    <subfield code="a">9786124715501</subfield>
  </datafield>
  <datafield tag="082" ind1="0" ind2="4">
    <subfield code="a">701.18</subfield>
    <subfield code="b">B621b</subfield>
  </datafield>
  <datafield tag="100" ind1="1" ind2=" ">
    <subfield code="a">Pereira Paz, Andr&#xE9;s.</subfield>
    <subfield code="9">5672</subfield>
  </datafield>
  <datafield tag="245" ind1="1" ind2="0">
    <subfield code="a">Bisagra 001 /</subfield>
    <subfield code="c">Andr&#xE9;s Pereira Paz, Christian Luza, Eliana Otta, Florencia Portocarrero, Iosu Aramburu y Miguel A. L&#xF3;pez.</subfield>
  </datafield>
  <datafield tag="250" ind1=" " ind2=" ">
    <subfield code="a">1a edici&#xF3;n.</subfield>
  </datafield>
  <datafield tag="260" ind1=" " ind2=" ">
    <subfield code="a">Lima, Per&#xFA; :</subfield>
    <subfield code="b">Foundation for Arts Initiatives (FfAI),</subfield>
    <subfield code="c">2016.</subfield>
  </datafield>
  <datafield tag="300" ind1=" " ind2=" ">
    <subfield code="a">115 p&#xE1;ginas :</subfield>
    <subfield code="b">ilustraciones en color.</subfield>
  </datafield>
  <datafield tag="505" ind1="0" ind2=" ">
    <subfield code="t">&#xBF;Qu&#xE9; hacemos cuando pensamos en algo? Consideraciones metodol&#xF3;gicas sobre el ejercicio del pensamiento</subfield>
    <subfield code="r">Alejandro Le&#xF3;n Cannock.</subfield>
    <subfield code="t">Apuntes sobre formas, sujetos y canales de debate sobre el arte contempor&#xE1;neo: el caso de la II Bienal de Fotograf&#xED;a de Lima</subfield>
    <subfield code="r">Giuliana Borea.</subfield>
    <subfield code="t">La pluralidad de lo fotogr&#xE1;fico</subfield>
    <subfield code="r">Luz Mar&#xED;a Bedoya.</subfield>
    <subfield code="t">El universo amaz&#xF3;nico de Christian Benday&#xE1;n</subfield>
    <subfield code="r">Blas Isasi.</subfield>
    <subfield code="t">Sobre Fila india, entrevista a Christian Benday&#xE1;n</subfield>
    <subfield code="r">Giuliana Vidarte.</subfield>
    <subfield code="t">Im&#xE1;genes.</subfield>
    <subfield code="t">Sonidero city llega a lima</subfield>
    <subfield code="r">Mirjam Wirz.</subfield>
    <subfield code="t">Los zapatos de la otra</subfield>
    <subfield code="r">Solange Jacobs.</subfield>
    <subfield code="t">Bataclana se extirpa tetas en danza del vientre</subfield>
    <subfield code="r">Max Lira.</subfield>
    <subfield code="t">Reflexiones con el vientre</subfield>
    <subfield code="r">Susana Torres.</subfield>
    <subfield code="t">Sobre Bomba y Bataclana en la Danza del Vientre</subfield>
    <subfield code="r">Diana Daf Collazos.</subfield>
    <subfield code="t">Radiograf&#xED;as de la contradicci&#xF3;n: la Carpeta Negra del Taller NN (Lima, Per&#xFA; 1988)</subfield>
    <subfield code="r">Mijail Mitrovic.</subfield>
    <subfield code="t">Lo que conversamos despu&#xE9;s de la Oficina de Conversaci&#xF3;n</subfield>
    <subfield code="r">Rita Ponce de Le&#xF3;n.</subfield>
    <subfield code="t">Biograf&#xED;as de los autores.</subfield>
  </datafield>
  <datafield tag="653" ind1="1" ind2="0">
    <subfield code="a">Arte contempor&#xE1;neo</subfield>
  </datafield>
  <datafield tag="653" ind1="1" ind2="0">
    <subfield code="a">Artes visuales</subfield>
  </datafield>
  <datafield tag="653" ind1="1" ind2="0">
    <subfield code="a">Arte - Per&#xFA;</subfield>
  </datafield>
  <datafield tag="653" ind1="1" ind2="0">
    <subfield code="a">Arte - Cr&#xED;tica y apreciaci&#xF3;n</subfield>
  </datafield>
  <datafield tag="653" ind1="1" ind2="0">
    <subfield code="a">Ensayos</subfield>
  </datafield>
  <datafield tag="653" ind1="1" ind2="0">
    <subfield code="a">Feminismo</subfield>
  </datafield>
  <datafield tag="700" ind1="1" ind2=" ">
    <subfield code="a">Luza, Christian.</subfield>
    <subfield code="9">5893</subfield>
  </datafield>
  <datafield tag="700" ind1="1" ind2=" ">
    <subfield code="a">Otta, Eliana.</subfield>
    <subfield code="9">5894</subfield>
  </datafield>
  <datafield tag="700" ind1="1" ind2=" ">
    <subfield code="a">Portocarrero, Florencia.</subfield>
    <subfield code="9">5895</subfield>
  </datafield>
  <datafield tag="700" ind1="1" ind2=" ">
    <subfield code="a">Aramburu, Iosu.</subfield>
    <subfield code="9">5896</subfield>
  </datafield>
  <datafield tag="700" ind1="1" ind2=" ">
    <subfield code="a">L&#xF3;pez, Miguel A.</subfield>
    <subfield code="9">5897</subfield>
  </datafield>
  <datafield tag="999" ind1=" " ind2=" ">
    <subfield code="c">1243</subfield>
    <subfield code="d">1243</subfield>
  </datafield>
  <datafield tag="952" ind1=" " ind2=" ">
    <subfield code="0">0</subfield>
    <subfield code="1">0</subfield>
    <subfield code="2">ddc</subfield>
    <subfield code="4">0</subfield>
    <subfield code="7">0</subfield>
    <subfield code="a">LV</subfield>
    <subfield code="b">LV</subfield>
    <subfield code="c">Monograf&#xED;as</subfield>
    <subfield code="d">2017-08-05</subfield>
    <subfield code="l">0</subfield>
    <subfield code="o">701.18 B621b</subfield>
    <subfield code="p">004199</subfield>
    <subfield code="r">2017-08-05 00:00:00</subfield>
    <subfield code="w">2017-08-05</subfield>
    <subfield code="y">02</subfield>
  </datafield>
</record>
